Elementi d'algebra ad uso delle scuole liceali e tecniche

Salvato in:
Dettagli Bibliografici
Autore principale: Francavilla, Filippo (Autore)
Natura: Libro
Lingua:italiano
Pubblicazione: Cesena : Tipografia nazionale, 1870
Catalogo:EDISCO:  Risultati della ricerca del catalogo della biblioteca
Libro di testo Classificazione:
Soggetti:
Tags: Aggiungi Tag
Nessun Tag, puoi essere il primo ad aggiungerne!!
Aggiunto a:2016-04-30
Cambiato in:2017-10-18

MARC

LEADER 00000aam a22000007 4500
001 04332
003 OSt
005 20171018094110.0
008 160501s1870 it 000 0 ita
040 |c Gianfranco Bandini - Firenze - CLIO 
041 1 |a ita 
100 1 |a Francavilla, Filippo  |e Author  |9 2550 
245 0 0 |a Elementi d'algebra ad uso delle scuole liceali e tecniche /  |c Filippo Francavilla 
260 |a Cesena :  |b Tipografia nazionale,  |c 1870 
300 |a 194 p., 1/x ;  
546 |a ita 
650 |a Matematica  |9 538 
655 |a Manuale  |9 9 
690 |a Secondaria superiore  |9 8  |x Liceo 
901 |a 7 
942 |2 ddc  |c BK 
999 |c 4321  |d 4321 
999 |c edisco:4321  |d 4321